[Event "Oberliga Sued W 0304"]
[Site "Germany"]
[Date "2003.11.23"]
[Round "3.2"]
[White "Schumacher, Olaf"]
[Black "Wiedenkeller, Michael"]
[Result "0-1"]
[WhiteElo "2233"]
[BlackElo "2471"]
[PlyCount "70"]
[EventDate "2003.10.12"]
[EventType "team"]
[EventRounds "9"]
[EventCountry "GER"]
[SourceTitle "EXT 2006"]
[Source "ChessBase"]
[SourceDate "2005.11.24"]
[SourceVersion "1"]
[SourceVersionDate "2005.11.24"]
[SourceQuality "1"]
[WhiteTeam "Siershahn"]
[BlackTeam "Trier"]
[WhiteTeamCountry "GER"]
[BlackTeamCountry "GER"]

1. d4 Nf6 2. Nf3 e6 3. c4 b6 4. a3 Bb7 5. Nc3 d5 6. cxd5 Nxd5 7. Qc2 Be7 8. e4 Nxc3 9. bxc3 c5 10. Bd3 Qc8 11. Qb3 0-0 12. 0-0 Nc6 13. Bf4 Rd8 14. Rfc1 Ba6 15. Qb1 Na5 16. Bb5 Bxb5 17. Qxb5 Qb7 18. Re1 Rac8 19. Rab1 Qd7 20. a4 Bf6 21. Rbd1 cxd4 22. cxd4 Rc4 23. Qh5 Nc6 24. Ne5 Bxe5 25. dxe5 Rxe4 26. Bg5 Rxe1+ 27. Rxe1 Ne7 28. g4 Rc8 29. Qh4 Ng6 30. Qg3 Qxa4 31. h4 Rc4 32. f3 h6 33. Be3 Qa5 34. Bf2 Nf4 35. Be3 Nd3 0-1

[Event "Oberliga Sued W 0102"]
[Site "Germany"]
[Date "2002.03.17"]
[Round "?"]
[White "Schumacher, Olaf"]
[Black "Braun, Peter"]
[Result "1/2-1/2"]
[WhiteElo "2263"]
[BlackElo "2271"]
[PlyCount "87"]
[EventDate "2001.10.09"]
[EventType "team"]
[EventRounds "9"]
[EventCountry "GER"]
[SourceTitle "EXT 2003"]
[Source "ChessBase"]
[SourceDate "2002.11.25"]
[SourceVersion "1"]
[SourceVersionDate "2002.11.25"]
[SourceQuality "1"]

1. d4 Nf6 2. c4 e6 3. Nc3 Bb4 4. e3 b6 5. Nge2 Ba6 6. a3 Be7 7. Ng3 d5 8. b3 0-0 9. Be2 Bb7 10. 0-0 Re8 11. Bf3 Qc8 12. Bb2 Nbd7 13. Rc1 dxc4 14. bxc4 c5 15. d5 Ne5 16. Be2 Ng6 17. e4 e5 18. Nf5 Bf8 19. g3 Qd7 20. Bd3 Ne7 21. Qf3 Nxf5 22. exf5 Bd6 23. g4 h6 24. h4 e4 25. Nxe4 Nxe4 26. Bxe4 Qe7 27. Qc3 f6 28. Rfe1 Qc7 29. Qd3 Re7 30. Re2 Rae8 31. Rce1 Bc8 32. Rd1 a6 33. Kg2 Bd7 34. Rde1 b5 35. Bf3 bxc4 36. Qxc4 Bb5 37. Rxe7 Rxe7 38. Rxe7 Qxe7 39. Qe4 Qxe4 40. Bxe4 Kf8 41. Bc2 Bc4 42. Be4 Bb3 43. Bc1 c4 44. Kf1 1/2-1/2

[Event "RLP-chA"]
[Site "Kettig"]
[Date "1999.??.??"]
[Round "5"]
[White "Moeldner, Juergen"]
[Black "Schumacher, Olaf"]
[Result "0-1"]
[WhiteElo "2289"]
[BlackElo "2320"]
[PlyCount "56"]
[EventDate "1999.07.??"]
[EventType "tourn"]
[EventRounds "11"]
[EventCountry "GER"]
[SourceTitle "EXT 2000"]
[Source "ChessBase"]
[SourceDate "1999.11.16"]
[SourceVersion "1"]
[SourceVersionDate "1999.11.16"]
[SourceQuality "1"]

1. d4 Nf6 2. Nf3 c5 3. d5 e6 4. c4 exd5 5. cxd5 d6 6. Nc3 g6 7. Bg5 Bg7 8. e3 0-0 9. Nd2 Nbd7 10. Be2 a6 11. 0-0 b5 12. a4 b4 13. Nce4 h6 14. Bh4 g5 15. Bg3 Nxe4 16. Nxe4 f5 17. Bxd6 fxe4 18. Bxf8 Qxf8 19. d6 Bb7 20. f4 exf3 21. Bxf3 Bxf3 22. Rxf3 Qe8 23. Qd5+ Kh8 24. Raf1 Rd8 25. b3 Ne5 26. Rf6 Bxf6 27. Rxf6 Ng4 28. Re6 Qf7 0-1

[Event "RLP-chA"]
[Site "Kettig"]
[Date "1999.??.??"]
[Round "8"]
[White "Schumacher, Olaf"]
[Black "Dietzsch, Herbert"]
[Result "1-0"]
[WhiteElo "2320"]
[BlackElo "2207"]
[PlyCount "55"]
[EventDate "1999.07.??"]
[EventType "tourn"]
[EventRounds "11"]
[EventCountry "GER"]
[SourceTitle "EXT 2000"]
[Source "ChessBase"]
[SourceDate "1999.11.16"]
[SourceVersion "1"]
[SourceVersionDate "1999.11.16"]
[SourceQuality "1"]

1. e4 c5 2. Nc3 d6 3. f4 Nc6 4. Nf3 g6 5. Bc4 e6 6. 0-0 Nge7 7. d3 Bg7 8. Qe1 a6 9. Bb3 0-0 10. f5 gxf5 11. Qh4 f4 12. Qh5 Ng6 13. Ne2 Nce5 14. Nxf4 Nxf3+ 15. Qxf3 Qf6 16. Nh5 Qxf3 17. Rxf3 b5 18. Nxg7 Kxg7 19. Bd2 a5 20. a4 b4 21. Raf1 f6 22. Rh3 Kg8 23. Bh6 Rf7 24. Rhf3 Raa7 25. Rxf6 Rxf6 26. Rxf6 Re7 27. h4 Ne5 28. Rf8# 1-0

[Event "RLP-chA"]
[Site "Kettig"]
[Date "1999.??.??"]
[Round "10"]
[White "Schumacher, Olaf"]
[Black "Enzmann, Steffen"]
[Result "1/2-1/2"]
[WhiteElo "2320"]
[BlackElo "2151"]
[PlyCount "35"]
[EventDate "1999.07.??"]
[EventType "tourn"]
[EventRounds "11"]
[EventCountry "GER"]
[SourceTitle "EXT 2000"]
[Source "ChessBase"]
[SourceDate "1999.11.16"]
[SourceVersion "1"]
[SourceVersionDate "1999.11.16"]
[SourceQuality "1"]

1. e4 c5 2. Nc3 Nc6 3. f4 e6 4. Nf3 Nge7 5. Bb5 a6 6. Bxc6 Nxc6 7. 0-0 d5 8. e5 g6 9. d3 Be7 10. a3 f5 11. Ne2 d4 12. Qe1 b5 13. Qg3 Kf7 14. Ng5+ Bxg5 15. fxg5 Qd5 16. Bf4 Bb7 17. h4 Rac8 18. h5 1/2-1/2

[Event "GER-ch 70th"]
[Site "Bremen"]
[Date "1998.11.10"]
[Round "5"]
[White "Sielecki, Christof"]
[Black "Schumacher, Olaf"]
[Result "1-0"]
[WhiteElo "2410"]
[BlackElo "2330"]
[PlyCount "83"]
[EventDate "1998.11.06"]
[EventType "swiss"]
[EventRounds "9"]
[EventCountry "GER"]
[SourceTitle "CBM 068"]
[Source "ChessBase"]
[SourceDate "1999.02.01"]
[SourceVersion "1"]
[SourceVersionDate "1999.02.01"]
[SourceQuality "1"]

1. Nf3 e6 2. g3 b6 3. Bg2 Bb7 4. 0-0 f5 5. c4 Nf6 6. d4 Bd6 7. d5 0-0 8. Nd4 Be5 9. Nc3 c5 10. Ndb5 a6 11. f4 Bxc3 12. Nxc3 exd5 13. Nxd5 Nc6 14. b3 Ne4 15. Bxe4 fxe4 16. Bb2 Nb4 17. Nxb4 cxb4 18. Qd6 a5 19. e3 Bc6 20. Be5 Rf7 21. Rad1 Qe8 22. f5 Qf8 23. g4 b5 24. Qxf8+ Raxf8 25. Bd6 Rc8 26. Rd4 Ra8 27. Rf2 bxc4 28. Rxc4 h6 29. h4 Rf6 30. Be5 Rff8 31. Kh2 Rac8 32. Kg3 Rfe8 33. Bd4 Bb5 34. Rxc8 Rxc8 35. g5 hxg5 36. hxg5 Bd3 37. Rh2 Rc2 38. Rh1 d6 39. g6 Rc7 40. Rh7 Bb5 41. f6 Be8 42. fxg7 1-0

[Event "GER-ch 70th"]
[Site "Bremen"]
[Date "1998.11.08"]
[Round "3"]
[White "Kachiani Gersinska, Ketino"]
[Black "Schumacher, Olaf"]
[Result "1/2-1/2"]
[WhiteElo "2420"]
[BlackElo "2330"]
[PlyCount "70"]
[EventDate "1998.11.06"]
[EventType "swiss"]
[EventRounds "9"]
[EventCountry "GER"]
[SourceTitle "CBM 068"]
[Source "ChessBase"]
[SourceDate "1999.02.01"]
[SourceVersion "1"]
[SourceVersionDate "1999.02.01"]
[SourceQuality "1"]

1. d4 Nf6 2. c4 e6 3. g3 c5 4. d5 exd5 5. cxd5 d6 6. Nc3 g6 7. Bg2 Bg7 8. Nf3 0-0 9. 0-0 a6 10. a4 Nbd7 11. Bf4 Qe7 12. h3 Nh5 13. Bg5 f6 14. Bd2 f5 15. Qc1 Ne5 16. Bg5 Bf6 17. Bh6 Bg7 18. Bg5 Bf6 19. Bxf6 Qxf6 20. Nxe5 Qxe5 21. e3 Bd7 22. a5 Rae8 23. Re1 g5 24. Qd1 Ng7 25. f4 Qf6 26. Qf3 h6 27. Kh2 Re7 28. e4 gxf4 29. Qxf4 Nh5 30. Qf3 Qg6 31. Rf1 Rff7 32. exf5 Rxf5 33. Qg4 Rg5 34. Qf3 Rf5 35. Qg4 Rg5 1/2-1/2

[Event "GER-ch 70th"]
[Site "Bremen"]
[Date "1998.11.07"]
[Round "2"]
[White "Schumacher, Olaf"]
[Black "Lindenmair, Anton"]
[Result "1/2-1/2"]
[WhiteElo "2330"]
[BlackElo "2155"]
[PlyCount "49"]
[EventDate "1998.11.06"]
[EventType "swiss"]
[EventRounds "9"]
[EventCountry "GER"]
[SourceTitle "CBM 068"]
[Source "ChessBase"]
[SourceDate "1999.02.01"]
[SourceVersion "1"]
[SourceVersionDate "1999.02.01"]
[SourceQuality "1"]

1. e4 e5 2. Nf3 Nf6 3. Nc3 Bb4 4. Bc4 0-0 5. 0-0 Nc6 6. Nd5 Nxd5 7. Bxd5 d6 8. d4 Nxd4 9. Nxd4 exd4 10. Qxd4 Bc5 11. Qc3 c6 12. Bb3 Qh4 13. Be3 Qxe4 14. Bxc5 dxc5 15. Qxc5 Re8 16. Rad1 Be6 17. Rfe1 Rad8 18. Ra1 Qd4 19. Qxd4 Rxd4 20. Bxe6 Rxe6 21. Rxe6 fxe6 22. Kf1 Rd2 23. Rc1 Kf7 24. Ke1 Rd5 25. Ke2 1/2-1/2

[Event "GER-ch 70th"]
[Site "Bremen"]
[Date "1998.11.06"]
[Round "1"]
[White "Mueller, Karsten"]
[Black "Schumacher, Olaf"]
[Result "1-0"]
[WhiteElo "2550"]
[BlackElo "2330"]
[PlyCount "49"]
[EventDate "1998.11.06"]
[EventType "swiss"]
[EventRounds "9"]
[EventCountry "GER"]
[SourceTitle "CBM 068"]
[Source "ChessBase"]
[SourceDate "1999.02.01"]
[SourceVersion "1"]
[SourceVersionDate "1999.02.01"]
[SourceQuality "1"]

1. e4 c5 2. Nf3 d6 3. d4 cxd4 4. Nxd4 Nf6 5. Nc3 g6 6. Be3 Bg7 7. f3 0-0 8. Qd2 Nc6 9. 0-0-0 Bd7 10. g4 Bxg4 11. fxg4 Nxg4 12. Nb3 a5 13. a4 Nb4 14. Kb1 Nxe3 15. Qxe3 Rc8 16. h4 h5 17. Rh2 Qd7 18. Bb5 Qe6 19. Re2 Qe5 20. Nxa5 Rc7 21. Nc4 Qf6 22. Qf2 Qe6 23. Nd5 Nxd5 24. exd5 Qc8 25. Qf4 1-0

[Event "Eisenberg RLP-ch"]
[Site "Eisenberg"]
[Date "1998.07.24"]
[Round "10"]
[White "Schumacher, Olaf"]
[Black "Nazarenus, Olaf"]
[Result "1-0"]
[WhiteElo "2330"]
[BlackElo "2210"]
[PlyCount "44"]
[EventDate "1998.08.??"]
[EventType "tourn"]
[EventRounds "11"]
[EventCountry "GER"]
[SourceTitle "EXT 2001"]
[Source "ChessBase"]
[SourceDate "2000.11.22"]
[SourceVersion "1"]
[SourceVersionDate "2000.11.22"]
[SourceQuality "1"]

1. e4 c5 2. Nf3 Nc6 3. Bb5 g6 4. 0-0 Bg7 5. Re1 Nf6 6. c3 0-0 7. d4 cxd4 8. cxd4 d5 9. e5 Ne8 10. h3 Bf5 11. Nc3 Nc7 12. Bd3 Qd7 13. Bf4 h6 14. Qd2 g5 15. Bxf5 Qxf5 16. Bg3 Rad8 17. a3 Ne6 18. b4 g4 19. hxg4 Qxg4 20. Rad1 a6 21. Na4 h5 22. Nc5 Bh6 1-0

[Event "Eisenberg RLP-ch"]
[Site "Eisenberg"]
[Date "1998.07.19"]
[Round "4"]
[White "Schumacher, Olaf"]
[Black "Schwab, Thomas"]
[Result "0-1"]
[WhiteElo "2330"]
[BlackElo "2150"]
[PlyCount "86"]
[EventDate "1998.08.??"]
[EventType "tourn"]
[EventRounds "11"]
[EventCountry "GER"]
[SourceTitle "EXT 2001"]
[Source "ChessBase"]
[SourceDate "2000.11.22"]
[SourceVersion "1"]
[SourceVersionDate "2000.11.22"]
[SourceQuality "1"]

1. e4 c5 2. Nf3 d6 3. Bb5+ Bd7 4. Bxd7+ Qxd7 5. 0-0 Nc6 6. c3 Nf6 7. d4 Nxe4 8. d5 Ne5 9. Re1 Nxf3+ 10. Qxf3 Nf6 11. c4 0-0-0 12. Nc3 Qg4 13. Qd3 Nd7 14. h3 Qh4 15. Re4 Qh5 16. Bf4 g5 17. Bh2 f5 18. Re6 g4 19. hxg4 Qxg4 20. Qe2 Rg8 21. f3 Qg5 22. Rd1 Nb6 23. b4 Nxc4 24. bxc5 dxc5 25. Rc6+ Kd7 26. Rc7+ Ke8 27. Rxb7 Qe3+ 28. Qxe3 Nxe3 29. Rd3 Nxg2 30. Kf2 Bg7 31. Nb5 Bf6 32. d6 Kf7 33. Ra3 f4 34. Ke2 Nh4 35. Bxf4 Rg2+ 36. Ke3 Nf5+ 37. Ke4 Kg6 38. d7 e5 39. Bc1 Rc2 40. Rc3 Rxa2 41. Rxc5 a6 42. Ra7 Ra4+ 43. Nd4 Rxd4# 0-1

[Event "RLPF-chA"]
[Site "Wittlich"]
[Date "1997.??.??"]
[Round "?"]
[White "Haag, Guenter"]
[Black "Schumacher, Olaf"]
[Result "1/2-1/2"]
[WhiteElo "2245"]
[BlackElo "2315"]
[PlyCount "70"]
[EventDate "1997.08.??"]
[EventType "tourn"]
[EventRounds "10"]
[EventCountry "GER"]
[EventCategory "1"]
[SourceTitle "EXT 2000"]
[Source "ChessBase"]
[SourceDate "1999.11.16"]
[SourceVersion "1"]
[SourceVersionDate "1999.11.16"]
[SourceQuality "1"]
[WhiteTeam "Schwarzenbach"]
[WhiteTeamCountry "GER"]

1. e4 e5 2. Nf3 Nc6 3. Bc4 Bc5 4. c3 Nf6 5. d4 exd4 6. cxd4 Bb4+ 7. Nc3 Nxe4 8. 0-0 Bxc3 9. d5 Ne5 10. bxc3 Nxc4 11. Qd4 Ncd6 12. Qxg7 Qf6 13. Qxf6 Nxf6 14. Re1+ Nfe4 15. Nd2 f5 16. f3 0-0 17. fxe4 Nxe4 18. Nxe4 fxe4 19. Rxe4 d6 20. Re7 Rf7 21. Re8+ Rf8 22. Rxf8+ Kxf8 23. Bh6+ Kf7 24. Rf1+ Kg6 25. Be3 Bf5 26. Rf3 Be4 27. Rg3+ Kf7 28. c4 b6 29. Rg4 Re8 30. Kf2 Bg6 31. Rf4+ Kg8 32. Kf3 Bd3 33. Rd4 Rf8+ 34. Bf4 Bb1 35. h3 Bg6 1/2-1/2

[Event "RLPF-chA"]
[Site "Wittlich"]
[Date "1997.??.??"]
[Round "?"]
[White "Stewart, Neil"]
[Black "Schumacher, Olaf"]
[Result "0-1"]
[WhiteElo "2295"]
[BlackElo "2315"]
[PlyCount "64"]
[EventDate "1997.08.??"]
[EventType "tourn"]
[EventRounds "10"]
[EventCountry "GER"]
[EventCategory "1"]
[SourceTitle "EXT 2000"]
[Source "ChessBase"]
[SourceDate "1999.11.16"]
[SourceVersion "1"]
[SourceVersionDate "1999.11.16"]
[SourceQuality "1"]

1. c4 e5 2. Nc3 d6 3. g3 Nc6 4. Bg2 g6 5. e3 Bg7 6. Nge2 h5 7. d4 h4 8. d5 Nce7 9. b4 Nh6 10. e4 f5 11. f3 a5 12. Ba3 axb4 13. Bxb4 b6 14. a4 Nf7 15. a5 bxa5 16. Rxa5 Rxa5 17. Bxa5 Bd7 18. Nb5 Bxb5 19. cxb5 h3 20. Bf1 fxe4 21. fxe4 Ng5 22. Nc3 0-0 23. Be2 Qa8 24. Bxc7 Qa7 25. Bxd6 Qf2+ 26. Kd2 Rc8 27. Bxe7 Qd4+ 28. Ke1 Qxc3+ 29. Qd2 Nf3+ 30. Bxf3 Qxf3 31. Rf1 Qxe4+ 32. Qe2 Rc1+ 0-1

[Event "RL-ch"]
[Site "Ludwigshafen"]
[Date "1996.??.??"]
[Round "?"]
[White "Schumacher, Olaf"]
[Black "Kargoll, Peter"]
[Result "1-0"]
[WhiteElo "2255"]
[BlackElo "2180"]
[PlyCount "59"]
[EventDate "1996.??.??"]
[EventType "tourn"]
[EventRounds "9"]
[EventCountry "GER"]
[SourceTitle "EXT 1998"]
[Source "ChessBase"]
[SourceDate "1997.11.17"]
[SourceVersion "1"]
[SourceVersionDate "1997.11.17"]
[SourceQuality "1"]

1. d4 d5 2. c4 e6 3. Nc3 Nf6 4. Bg5 Be7 5. Nf3 h6 6. Bh4 0-0 7. e3 b6 8. Qc2 Bb7 9. cxd5 Nxd5 10. Nxd5 exd5 11. Bxe7 Qxe7 12. Be2 c5 13. 0-0 Nd7 14. Rfe1 Rac8 15. Qb3 Rc7 16. a4 c4 17. Qc2 Rc6 18. Bf1 f5 19. b3 Qe4 20. Qc3 cxb3 21. Qxb3 Rfc8 22. Bd3 Qe6 23. Qb1 g6 24. Bb5 Rc2 25. Bxd7 Qxd7 26. Ne5 Qd6 27. a5 Kg7 28. axb6 axb6 29. Ra7 R8c7 30. Rxb7 1-0

[Event "RL-ch"]
[Site "Ludwigshafen"]
[Date "1996.??.??"]
[Round "?"]
[White "Schumacher, Olaf"]
[Black "Lambert, Andreas"]
[Result "1-0"]
[WhiteElo "2255"]
[BlackElo "2205"]
[PlyCount "81"]
[EventDate "1996.??.??"]
[EventType "tourn"]
[EventRounds "9"]
[EventCountry "GER"]
[SourceTitle "EXT 1998"]
[Source "ChessBase"]
[SourceDate "1997.11.17"]
[SourceVersion "1"]
[SourceVersionDate "1997.11.17"]
[SourceQuality "1"]

1. d4 Nf6 2. c4 g6 3. Nc3 Bg7 4. e4 d6 5. f3 0-0 6. Bg5 c5 7. d5 e6 8. Qd2 Qa5 9. Nb5 Qb6 10. dxe6 Bxe6 11. a4 Nc6 12. a5 Qd8 13. Qxd6 Qxd6 14. Nxd6 b6 15. a6 Ne8 16. 0-0-0 Nxd6 17. Rxd6 Na5 18. Bd3 Be5 19. Rd5 Bxd5 20. cxd5 c4 21. Bc2 Nb3+ 22. Kb1 Nc5 23. Ne2 Nxa6 24. Be7 Rfb8 25. f4 Bg7 26. e5 Bf8 27. Bh4 Nc5 28. Nd4 b5 29. Bd1 Nd3 30. Bf3 Nxf4 31. d6 Nd3 32. Bxa8 Nxe5 33. Bd5 Bxd6 34. Rf1 Bc5 35. Nf3 Nxf3 36. Rxf3 Rf8 37. Bg5 Kg7 38. Bf6+ Kg8 39. h4 h5 40. Be5 Be7 41. g3 1-0

[Event "RLP-ch"]
[Site "Saarburg"]
[Date "1995.??.??"]
[Round "?"]
[White "Bauer, M."]
[Black "Schumacher, Olaf"]
[Result "1/2-1/2"]
[WhiteElo "2250"]
[BlackElo "2290"]
[PlyCount "57"]
[EventDate "1995.??.??"]
[EventType "tourn"]
[EventRounds "11"]
[EventCountry "GER"]
[SourceTitle "EXT 2000"]
[Source "ChessBase"]
[SourceDate "1999.11.16"]
[SourceVersion "1"]
[SourceVersionDate "1999.11.16"]
[SourceQuality "1"]

1. d4 Nf6 2. c4 g6 3. Nc3 Bg7 4. e4 d6 5. Nf3 0-0 6. Be2 e5 7. 0-0 Nbd7 8. d5 Nc5 9. Qc2 a5 10. Ne1 Ne8 11. Be3 b6 12. Nd3 f5 13. f3 Bd7 14. b3 Nf6 15. a3 fxe4 16. Nxc5 bxc5 17. Nxe4 Nxe4 18. fxe4 Qh4 19. Rxf8+ Bxf8 20. Bd3 Bh6 21. Qd2 Bxe3+ 22. Qxe3 Qf4 23. Qe1 Kg7 24. Rb1 Rb8 25. Rb2 Rf8 26. Rf2 Qxf2+ 27. Qxf2 Rxf2 28. Kxf2 Kh6 29. Kg3 1/2-1/2

[Event "RLP-ch"]
[Site "Saarburg"]
[Date "1995.??.??"]
[Round "?"]
[White "Nazarenus, Olaf"]
[Black "Schumacher, Olaf"]
[Result "1/2-1/2"]
[WhiteElo "2170"]
[BlackElo "2290"]
[PlyCount "67"]
[EventDate "1995.??.??"]
[EventType "tourn"]
[EventRounds "11"]
[EventCountry "GER"]
[SourceTitle "EXT 2000"]
[Source "ChessBase"]
[SourceDate "1999.11.16"]
[SourceVersion "1"]
[SourceVersionDate "1999.11.16"]
[SourceQuality "1"]

1. e4 e5 2. Nf3 Nc6 3. Nc3 Nf6 4. d4 Bb4 5. Nxe5 Nxe4 6. Qg4 Nxc3 7. Qxg7 Rf8 8. a3 Ba5 9. Nxc6 dxc6 10. Bd2 Qd5 11. Qe5+ Qxe5+ 12. dxe5 Bf5 13. Bxc3 Bxc3+ 14. bxc3 Bxc2 15. Rc1 Bf5 16. Rd1 Ke7 17. Bc4 Rg8 18. g3 Rad8 19. f3 b5 20. Be2 Rxd1+ 21. Kxd1 Rd8+ 22. Kc1 Bd3 23. Kd2 c5 24. Rd1 Bxe2+ 25. Kxe2 Rxd1 26. Kxd1 Ke6 27. f4 Kd5 28. Kc2 c4 29. a4 a6 30. Kb2 Ke4 31. Ka3 c5 32. axb5 axb5 33. Kb2 b4 34. Kc2 1/2-1/2